书目信息 |
| 题名: |
教学系统化设计
|
|
| 作者: | 迪克 , Dick , 凯里 , Carey , 凯里 , Carey 著 ;汪琼 译 | |
| 分册: | ||
| 出版信息: | 北京 高等教育出版社 2004.01 |
|
| 页数: | 343页 | |
| 开本: | 26cm | |
| 丛书名: | 国外优秀信息科学与技术系列教学用书 | |
| 单 册: | ||
| 中图分类: | G643.2 , G643.2 | |
| 科图分类: | ||
| 主题词: | 研究生教育--课堂教学--设计 , 研究生教育 , 课堂教学 , 教育--各级 | |
| 电子资源: | ||
| ISBN: | 7-04-013302-4 | |
| 000 | 01310nam2 2200397 45 | |
| 001 | 012004000000 | |
| 005 | 20050331103303.61 | |
| 010 | @a7-04-013302-4@dCNY 35.00 | |
| 100 | @a20040323d2004 em y0chiy0121 ea | |
| 101 | 1 | @achi@ceng |
| 102 | @aCN@b110000 | |
| 105 | @aak z 000yy | |
| 200 | 1 | @a教学系统化设计@Ajiao xue xi tong hua she ji@dThe systematic design of instruction@e第五版@eFive edition@e翻译版@f(美)迪克(Walter Dick), 凯里(Lou Carey), 凯里(James O.Carey)著@g汪琼译@zeng |
| 210 | @a北京@c高等教育出版社@d2004.01 | |
| 215 | @a343页@c图, 表格@d26cm | |
| 225 | 2 | @a国外优秀信息科学与技术系列教学用书 |
| 300 | @a教育部高等教育司推荐 | |
| 320 | @a本书含参考文献 | |
| 324 | @a原书第五版 | |
| 410 | 0 | @12001 @a国外优秀信息科学与技术系列教学用书 |
| 510 | 1 | @aThe systematic design of instruction@eFive edition@zeng |
| 606 | 0 | @a研究生教育@x课堂教学@x设计 |
| 606 | 0 | @a研究生教育 |
| 606 | 0 | @a课堂教学 |
| 606 | 0 | @a教育@x各级 |
| 690 | @aG643.2@v4 | |
| 690 | @aG643.2@v3 | |
| 701 | 1 | @a迪克@Adi ke@bW.@4著 |
| 701 | A1 | @aDick@bWalter@4著 |
| 701 | 1 | @a凯里@Akai li@bL.@4著 |
| 701 | A1 | @aCarey@bLou@4译 |
| 701 | 1 | @a凯里@Akai li@bJ. O.@4著 |
| 701 | A1 | @aCarey@bJames O.@4译 |
| 702 | 0 | @a汪琼@Awang qiong@4译 |
| 801 | 0 | @aCN@bQSSKt@c20050331 |
| 905 | @dG643.2@eD373 | |
| 教学系统化设计=The systematic design of instruction:第五版:Five edition:翻译版/(美)迪克(Walter Dick), 凯里(Lou Carey), 凯里(James O.Carey)著/汪琼译.-北京:高等教育出版社,2004.01 |
| 343页:图, 表格;26cm.-(国外优秀信息科学与技术系列教学用书) |
| 教育部高等教育司推荐 |
| ISBN 7-04-013302-4:CNY 35.00 |
| ● |
| 相关链接 |
|
|
|
正题名:教学系统化设计
索取号:G643.2/D373
 
预约/预借
| 序号 | 登录号 | 条形码 | 馆藏地/架位号 | 状态 | 备注 |
| 1 | 387339 | 203873399 | 社科二线422/ [索取号:G643.2/D373] | 在馆 | |
| 2 | 387340 | 203873406 | 社科二线422/ [索取号:G643.2/D373] | 在馆 | |
| 3 | 387341 | 203873415 | 社科二线422/ [索取号:G643.2/D373] | 在馆 | |
| 4 | 440435 | 204404359 | 社科二线422/ [索取号:G643.2/D373] | 在馆 | |
| 5 | 440436 | 204404368 | 社科二线422/ [索取号:G643.2/D373] | 在馆 |